PIC Microcontroller and Embedded Systems: (Record no. 594586)
[ view plain ]
| 000 -LEADER | |
|---|---|
| fixed length control field | 00488nam a22001457a 4500 |
| 020 ## - INTERNATIONAL STANDARD BOOK NUMBER | |
| International Standard Book Number | 9788131716755 |
| 040 ## - CATALOGING SOURCE | |
| Transcribing agency | NUST |
| 082 ## - DEWEY DECIMAL CLASSIFICATION NUMBER | |
| Classification number | 004.21 MAZ |
| 100 ## - MAIN ENTRY--PERSONAL NAME | |
| Personal name | Mazidi, Muhammad Ali |
| 9 (RLIN) | 18480 |
| 110 ## - MAIN ENTRY--CORPORATE NAME | |
| Corporate name or jurisdiction name as entry element | McKinlay, Rolin D Causey, Danny |
| 9 (RLIN) | 91716 |
| 245 ## - TITLE STATEMENT | |
| Title | PIC Microcontroller and Embedded Systems: |
| Remainder of title | Using Assembly and C for PIC18 |
| 260 ## - PUBLICATION, DISTRIBUTION, ETC. | |
| Place of publication, distribution, etc. | India: |
| Name of publisher, distributor, etc. | Pearson, |
| Date of publication, distribution, etc. | 2013. |
| 650 ## - SUBJECT ADDED ENTRY--TOPICAL TERM | |
| Topical term or geographic name entry element | PIC Microcontroller and Embedded Systems Using Assembly and C for PIC18 |
| 9 (RLIN) | 112011 |
| 942 ## - ADDED ENTRY ELEMENTS (KOHA) | |
| Source of classification or shelving scheme | |
| Koha item type | Book |
| Withdrawn status | Lost status | Source of classification or shelving scheme | Damaged status | Not for loan | Permanent Location | Current Location | Shelving location | Date acquired | Total Checkouts | Full call number | Barcode | Date last seen | Price effective from | Koha item type | Checked out | Date last checked out |
|---|---|---|---|---|---|---|---|---|---|---|---|---|---|---|---|---|
| College of Electrical & Mechanical Engineering (CEME) | College of Electrical & Mechanical Engineering (CEME) | General Stacks | 05/02/2023 | 004.21 MAZ | CEME-47527 | 05/02/2023 | 05/02/2023 | Book | ||||||||
| College of Electrical & Mechanical Engineering (CEME) | College of Electrical & Mechanical Engineering (CEME) | General Stacks | 05/02/2023 | 1 | 004.21 MAZ | CEME-47528 | 01/26/2026 | 05/02/2023 | Book | 02/25/2026 | 01/26/2026 | |||||
| College of Electrical & Mechanical Engineering (CEME) | College of Electrical & Mechanical Engineering (CEME) | General Stacks | 05/03/2023 | 004.21 MAZ | CEME-47494 | 05/03/2023 | 05/03/2023 | Book | ||||||||
| College of Electrical & Mechanical Engineering (CEME) | College of Electrical & Mechanical Engineering (CEME) | General Stacks | 05/03/2023 | 1 | 004.21 MAZ | CEME-47526 | 01/26/2026 | 05/03/2023 | Book | 02/25/2026 | 01/26/2026 |
